Theoretical astrophysics

Zapisane w:
Opis bibliograficzny
1. autor: Padmanabhan, T.
Format: Książka
Język:Undetermined
Wydane: London Cambridge 2000
Hasła przedmiotowe:
Etykiety: Dodaj etykietę
Nie ma etykietki, Dołącz pierwszą etykiete!
Thư viện lưu trữ: Trung tâm Học liệu Trường Đại học Cần Thơ
LEADER 00476nam a2200193Ia 4500
001 CTU_74610
008 210402s9999 xx 000 0 und d
020 |b 239000 
082 |a 523.01 
082 |b P123 
100 |a Padmanabhan, T. 
245 0 |a Theoretical astrophysics 
245 0 |c T. Padmanabhan 
260 |a London 
260 |b Cambridge 
260 |c 2000 
650 |a Astrophysics 
904 |i Năm 
980 |a Trung tâm Học liệu Trường Đại học Cần Thơ